000 00477nam a2200181Ia 4500
003 OSt
005 20250816115553.0
008 210210b1937 xxu||||| |||| 00| 0 eng d
040 _cAL
041 _akan
082 _a859/1578
100 _aRAMARAV (H)
_9155926
_dರಾಮರಾವ್ (ಹೆಚ್)
245 _aUtkala vijaya:
_bಉತ್ಕಲ ವಿಜಯ
260 _aBengaluru
_b-
_c1937
690 _aKannada Fiction
_9155927
906 _a022305
942 _2ddc
_cBK
999 _c146605
_d146605